006500000a22001810004500090001300000100003900013245013600052651005500188690002700243690001700270690002400287690001700311041001400328044001300342942001300355773008300368999001700451 aSERIADAS1 aArdila Rodríguez, Carlos A.995310aTrichomycterus Cachiraensis (Siluriformes: Trichomycteridae), nueva especie del río Cachira, Cuenca del río Magdalena, Colombia 4dValle del CaucalRío Las CañasmFlorida992749 aNuevas especies992905 aPeces992349 aMorfología992917 aBagres968700 aEspañol aColombia cARTICULO1 tDahliakRevista de la Asociación Colombiana de Ictiólogosh10q33-41d2008 c16369d16369